| 000 | 00887nam a2200265Ia 4500 | ||
|---|---|---|---|
| 003 | GCL | ||
| 008 | 140319s9999 xx 000 0 ara d | ||
| 040 |
_aGCL / _cGCL |
||
| 082 | 0 | 4 |
_a580 _bس ن |
| 100 | 1 | _aسنية الزيات | |
| 245 | 1 | 0 |
_aالنباتات والازهار / _cسنية الزيات |
| 260 |
_aبيروت : _bدار الراتب الجامعية ، _c1993 |
||
| 300 |
_aمتعددة ؛ _c25 سم |
||
| 490 |
_aسلسلة عالم النبات والزهور _v0 |
||
| 650 | 0 | 4 | _aالبيئة |
| 650 | 0 | 4 | _aالنبات |
| 650 | 0 | 4 | _aالتوزيع الجغرافى |
| 650 | 0 | 4 | _aالزهور |
| 650 | 0 | 4 | _aالرطوبة |
| 650 | 0 | 4 | _aنباتات الزينة |
| 650 | 0 | 4 | _aنباتات المياه العذبه |
| 650 | 0 | 4 | _aالنباتات المتسلقة |
| 650 | 0 | 4 | _aالنباتات المنزلية فى الديكور |
| 942 |
_2ddc _cBK |
||
| 999 |
_c28843 _d28843 |
||